000 02113nam a2200457 i 4500
003 CO-BoRNBP
005 20220317000346.0
007 ta
008 210823r20132019ck a0 sjr 0 s jdspa d
020 _a9789583041426
040 _aCO-BoRNBP
_bspa
_erda
_cCO-BoRNBP
041 0 _aspa
043 _as-ck---
084 _aC CUE19
245 0 0 _aCuentos urbanos
_cselección de Guido L. Tamayo S. ; ilustraciones Jorge Alberto Ávila
250 _aSegunda edición
_bCuarta reimpresión
264 1 _aBogotá, Colombia
_bEditorial Panamericana
_c2013
_c2014
_c2019
300 _a157 páginas
_bilustraciones en blanco y negro
_c23 cm
336 _atexto
_btxt
_2rdacontent
337 _asin mediación
_bn
_2rdamedia
338 _avolumen
_bnc
_2rdacarrier
490 0 _aEl pozo y el péndulo
505 0 0 _tExtraña ciudad
_tFreddy, el edufísico
_tTal y como perros callejeros
_tHistoria de Rosendo Juárez
_tUna reputación
_tEl otro lado de la pared
_tPetite Symphonie desconcertante
_tEl paraíso de los solteros y el tártaro de las solteras
_rRobert Walser
_rMiguel Mendoza Luna
_rDilan Thomas
_rJorge Luis Borges
_rJuan José Arreola
_rAmbrose Bierce
_rJulio Paredes
_rHerman Melville
521 _aRecomendado para un público mayor de 15 años
545 _aIncluye datos biográficos de los autores al inicio de cada relato
650 1 7 _aCuentos juveniles
_xColecciones
_2LEMB
650 1 7 _aLiteratura juvenil
_xColecciones
_2LEMB
650 1 7 _aCiudades
_vCuentos
_2LEMB
650 1 7 _aVida cotidiana
_vCuentos
_2LEMB
700 1 _aTamayo Sánchez, Guido L.
_ecompilador
_917064
700 1 _aÁvila, Jorge Alberto
_eilustrador
_911259
700 1 _aWalser, Robert
_d1878
_eautor
_9201050
700 1 _aMendoza Luna, Miguel
_d1973-
_eautor
_9201051
700 1 _aThomas, Dilan
_d1914-1953
_eautor
_9201052
700 1 _aArreola, Juan José
_d1918-2001
_eautor
_974652
700 1 _aBierce, Ambrose
_d1842-1914
_eautor
_9201053
700 1 _aMelville, Herman
_d1819-1891
_eautor
_911330
700 1 _aBorges, Jorge Luis
_d1899-1986
_eautor
_98805
700 1 _aJulio Paredes
_d1957-
_eautor
_9201054
942 _2loc
_cBKLIT
999 _c3828
_d3828